| 000 | 00922nam a22002537a 4500 | ||
|---|---|---|---|
| 003 | OSt | ||
| 005 | 20240730145633.0 | ||
| 008 | 240730b |||||||| |||| 00| 0 eng d | ||
| 020 | _a9781398306479(paperback.) | ||
| 040 |
_aNUST _beng _cNUST _dNUST _erda |
||
| 050 | _aTH8131GAS | ||
| 100 |
_aAashe, Mike _eAuthor |
||
| 245 |
_aPlastering : _bLevel 1 Diploma (6708), Level 2 Diploma (6708), Level 2 Technical certificate (7908) / _cGashe, Mike |
||
| 260 |
_aLondon : _bHodder education, _c2020. |
||
| 300 |
_axi, 324 pages : _bIllustrations ; _c28 cm. |
||
| 336 |
_2rdamedia _atext _btxt |
||
| 337 |
_2rdamedia _aunmediated _bn |
||
| 338 |
_2rdamedia _avolume _bnc |
||
| 504 | _aIncludes bibliographical references and index. | ||
| 650 | _vPlastering - Handbooks, - Manuals | ||
| 650 | _vPlastering - Equipment and supplies. | ||
| 700 |
_aByrne, Kevin _eAuthor |
||
| 942 |
_2lcc _cBOOKS _hTH8131GAS _kTH _mGAS _n0 |
||
| 999 |
_c170917 _d170917 |
||